| 000 | 00795pam a2200241 a 4500 | ||
|---|---|---|---|
| 001 | 1021254 | ||
| 003 | NUST - PNEC | ||
| 005 | 20170116181007.0 | ||
| 008 | 880802s1989 nyua b 001 0 eng | ||
| 010 | _a 88025885 | ||
| 020 | _a0442205279 | ||
| 040 | _cLIBRARY | ||
| 082 | 0 | 0 | _a621.38174 PRA |
| 100 | 1 | _aPrasad, Ray P. | |
| 245 | 1 | 0 |
_aSurface mount technology : _bprinciples and practice / _cRay P. Prasad. |
| 260 |
_aNew York : _bVan Nostrand Reinhold, _cc1989. |
||
| 300 |
_axxii, 610 p. : _bill. ; _c24 cm. |
||
| 504 | _aIncludes bibliographies and index. | ||
| 650 | 0 |
_aSurface mount technology. _xME |
|
| 906 |
_a7 _bcbc _corignew _d1 _eocip _f19 _gy-gencatlg |
||
| 942 |
_2ddc _cBK |
||
| 999 |
_c66925 _d66925 |
||